<?xml version="1.0" encoding="UTF-8"?>
<marc:record xmlns:marc="http://www.loc.gov/MARC21/slim">
   <marc:leader>00000nam a2200000 a 4500</marc:leader>
   <marc:datafield ind1="1" ind2=" " tag="100">
      <marc:subfield code="a">Tober, Heike</marc:subfield>
      <marc:subfield code="4">aut</marc:subfield>
      <marc:subfield code="e">Verfasser/-in</marc:subfield>
   </marc:datafield>
   <marc:datafield ind1="1" ind2=" " tag="100">
      <marc:subfield code="a">Voigt, Silke</marc:subfield>
   </marc:datafield>
   <marc:datafield ind1=" " ind2=" " tag="653">
      <marc:subfield code="a">Kindersachbuch</marc:subfield>
   </marc:datafield>
   <marc:datafield ind1=" " ind2=" " tag="653">
      <marc:subfield code="a">Lernen im Vorschulalter</marc:subfield>
   </marc:datafield>
   <marc:datafield ind1=" " ind2=" " tag="653">
      <marc:subfield code="a">spielerisch lernen</marc:subfield>
   </marc:datafield>
   <marc:datafield ind1=" " ind2=" " tag="653">
      <marc:subfield code="a">Soundbuch</marc:subfield>
   </marc:datafield>
   <marc:datafield ind1=" " ind2=" " tag="653">
      <marc:subfield code="a">Uhrzeit</marc:subfield>
   </marc:datafield>
   <marc:datafield ind1=" " ind2=" " tag="653">
      <marc:subfield code="a">Stunden</marc:subfield>
   </marc:datafield>
   <marc:datafield ind1=" " ind2=" " tag="653">
      <marc:subfield code="a">Minuten</marc:subfield>
   </marc:datafield>
   <marc:datafield ind1=" " ind2=" " tag="653">
      <marc:subfield code="a">Sekunden</marc:subfield>
   </marc:datafield>
   <marc:datafield ind1=" " ind2=" " tag="653">
      <marc:subfield code="a">Sachbilderbuch</marc:subfield>
   </marc:datafield>
   <marc:datafield ind1=" " ind2=" " tag="653">
      <marc:subfield code="a">Vorschule und Kindergarten</marc:subfield>
   </marc:datafield>
   <marc:datafield ind1=" " ind2=" " tag="653">
      <marc:subfield code="a">Wissen</marc:subfield>
   </marc:datafield>
   <marc:datafield ind1=" " ind2=" " tag="653">
      <marc:subfield code="a">Tageszeit</marc:subfield>
   </marc:datafield>
   <marc:datafield ind1=" " ind2=" " tag="653">
      <marc:subfield code="a">Wochentage</marc:subfield>
   </marc:datafield>
   <marc:datafield ind1=" " ind2=" " tag="653">
      <marc:subfield code="a">Alltag</marc:subfield>
   </marc:datafield>
   <marc:datafield ind1=" " ind2=" " tag="653">
      <marc:subfield code="a">tiptoi Mein Lern-Spiel-Abenteuer</marc:subfield>
   </marc:datafield>
   <marc:datafield ind1=" " ind2=" " tag="653">
      <marc:subfield code="a">interaktiv entdecken</marc:subfield>
   </marc:datafield>
   <marc:datafield ind1=" " ind2=" " tag="653">
      <marc:subfield code="a">Audiodigitales Lernsystem</marc:subfield>
   </marc:datafield>
   <marc:datafield ind1="0" ind2="0" tag="245">
      <marc:subfield code="a">Mein Lern-Spiel-Abenteuer - Uhr und Zeit</marc:subfield>
   </marc:datafield>
   <marc:datafield ind1="0" ind2="0" tag="245">
      <marc:subfield code="b">tiptoi®</marc:subfield>
   </marc:datafield>
   <marc:datafield ind1="0" ind2="0" tag="245">
      <marc:subfield code="c">Tober, Heike</marc:subfield>
   </marc:datafield>
   <marc:datafield ind1=" " ind2="1" tag="264">
      <marc:subfield code="a">Ravensburg</marc:subfield>
      <marc:subfield code="b">Ravensburger</marc:subfield>
      <marc:subfield code="c">2020</marc:subfield>
   </marc:datafield>
   <marc:datafield ind1="1" ind2=" " tag="490">
      <marc:subfield code="a">Tiptoi macht Wissen lebendig</marc:subfield>
   </marc:datafield>
   <marc:datafield ind1="1" ind2=" " tag="520">
      <marc:subfield code="a">tiptoi® Uhr und Zeit / von Heike Tober &#xD;
&#xD;
&#xD;
Die Zeit ist überall, auch im Alltag von Paula und Moritz. Die Hauptfiguren begleiten die Kinder durch das Buch und erfahren spielerisch, was Stunden und Minuten sind, wie man sie auf der Uhr richtig abliest und was bei Paulas Freunden an den verschiedenen Wochentagen los ist. Außerdem können die Kinder durch die zwölf Monate, einmal um die Welt und mit Oma in die Vergangenheit reisen. Auf allen Seiten warten abwechslungsreiche Aufgaben und Spiele darauf, entdeckt zu werden: &#xD;
Wie oft hat die Uhr geschlagen? &#xD;
Zu welcher Uhrzeit erlebt Moritz was? &#xD;
Was ist zu welcher Jahreszeit los? &#xD;
Wer in der Stadt hat es heute eilig und wer hat viel Zeit? &#xD;
Eine große Uhr mit drehbaren Zeigern auf der Ausklapptafel dient zum Lösen vieler Aufgaben und ermöglicht eine direkte Lösungskontrolle. So lernen die Kinder Uhrzeiten nachzustellen, zu bestimmen und sie im Tagesablauf zu verorten. In immer neuen Spielvarianten wird das Verständnis für die Uhr und die Zeit geschult  eine wichtige Voraussetzung zum Erlangen der Selbstständigkeit im Alltag der Kinder. &#xD;
&#xD;
Funktioniert nur mit tiptoi® Stift. Stift muss separat erworben werden. &#xD;
Dieses Produkt hat keine tiptoi® CREATE Aufnahmefunktion.&#xD;
&#xD;
- Die wichtigsten Lernthemen spielerisch und interaktiv erleben &#xD;
- Pädagogisch sinnvolle Aufgaben und Spiele in immer neuen Varianten &#xD;
- Selbstständig lernen durch direkte, motivierende Lösungskontrolle &#xD;
&#xD;
Mit tiptoi® Mein Lern-Spiel-Abenteuer entdecken Kinder selbstständig und interaktiv die wichtigsten Lernthemen  egal ob Zahlen, Buchstaben oder erstes Englisch. Zahlreiche Spiel- und Aufgabenvarianten in verschiedenen Schwierigkeitsstufen berücksichtigen dabei den individuellen Lernfortschritt. Unzählige Wiederholmöglichkeiten und die direkte, motivierende Lösungskontrolle sorgen für nachhaltigen Lernerfolg. Lustige Geräusche, spannende Geschichten und kniffelige Spiele motivieren zusätzlich mit viel Spaß zum Entdecken und Lernen.&#xD;
&#xD;
tiptoi® begeistert und motiviert zum Spielen und Lernen! &#xD;
&#xD;
tiptoi® ist ein innovatives Lern- und Kreativsystem, mit dem Kinder die Welt spielerisch entdecken. Tippt man mit dem Stift auf ein Bild oder einen Text, erklingen passende Geräusche, Sprache oder Musik. Dank der intelligenten Elektronik erleben Kinder Bücher, Spiele und Spielzeug völlig eigenständig immer wieder neu.</marc:subfield>
   </marc:datafield>
   <marc:datafield ind1=" " ind2=" " tag="020">
      <marc:subfield code="a">9783473658855</marc:subfield>
      <marc:subfield code="9">9783473658855</marc:subfield>
   </marc:datafield>
   <marc:datafield ind1=" " ind2=" " tag="020">
      <marc:subfield code="a">3473658855</marc:subfield>
      <marc:subfield code="9">3473658855</marc:subfield>
   </marc:datafield>
   <marc:datafield ind1=" " ind2=" " tag="041">
      <marc:subfield code="a">ger</marc:subfield>
   </marc:datafield>
   <marc:datafield ind1=" " ind2=" " tag="300">
      <marc:subfield code="b">Illustrationen</marc:subfield>
   </marc:datafield>
   <marc:datafield ind1=" " ind2=" " tag="338">
      <marc:subfield code="a">Band</marc:subfield>
   </marc:datafield>
   <marc:datafield ind1=" " ind2=" " tag="300">
      <marc:subfield code="a">Tiptoi Stift</marc:subfield>
   </marc:datafield>
</marc:record>
